LEADER 01410nam a2200289 u 4500 001 000000045328 003 CaOOAMICUS 005 20070226114641.0 008 990528s1987 it u000 u ita u 035 $a10824847 040 $aPUL(R)$bita 100 1 $aMiccoli, Paolo,$csacerdote,$d1939-$0(OLS)http://pul/name/561 245 12$aL'insegnamento della religione in Italia :$bstoria e metodo /$cPaolo Miccoli. 260 $aPalermo :$bEd. Augustinus,$c1987. 300 $a57 p. ;$c19 cm 504 $aBibliografia in nota. 600 14$aGentile, Giovanni,$d1875-1944.$0(OLS)http://pul/subject/1895 650 4$aReligione$xInsegnamento$xStoria.$0(OLS)http://pul/subject/10757 850 $aPUL 852 $aPUL$W1$xDP1 Cons. Gen., Altre Classi 1$y22$m43 D 78$j60923$nBK-PRI$b $qStampati$B60923$CPULBib$Z2$F60923 $H $81 852 $aPUL$W1$xDP1 Cons. Gen., Altre Classi 1$y22$m846 B 1$j60924$nBK-PRI$b $qStampati$B60924$CPULBib$Z2$F60924 $H58575 $81 852 $aPUL$W1$xDP1 Fondo Pastorale$y55$mP3 F 99$j60925$nBK-PRI$b $qFondi$B60925$CPULBib$Z2$F60925 $HPUL71130 $81 941 1 $a8 941 1 $a1 961 $aINV: 58086 996 $6245$aL'insegnamento della religione in Italia :$bstoria e metodo$9(OLS)http://pul/title/61116 996 $6260$aPalermo :$bEd. Augustinus$9(OLS)http://pul/publisher/66100 LEADER 01690nam a2200373 a 4500 001 000000134299 003 CaOOAMICUS 005 20130610132056.0 008 130610s2006 it u000 u ita r 020 $a88-7018-459-5 040 $aPUL$bita 041 1 $aita$hger 082 04$a110 100 1 $aHeidegger, Martin,$d1889-1976.$0(OLS)http://pul/name/5737 240 10$aMetaphysik und Nihilismus.$lItaliano.$0(OLS)http://pul/title/169811 245 10$aMetafisica e nichilismo /$cMartin Heidegger ; a cura di Hans-Joachim Friedrich ; edizione italiana e postfazione a cura di Carlo Angelino. 260 $aGenova :$bIl Melangolo ;$aGenova :$bIl nuovo melangolo,$cİ2006. 300 $a252 p. ;$c21 cm 490 1 $aOpera ;$v29 600 14$aHeidegger, Martin,$d1889-1976$xFilosofia.$0(OLS)http://pul/subject/22528 650 4$aMetafisica$xStudi.$0(OLS)http://pul/subject/8506 650 4$aNichilismo.$0(OLS)http://pul/subject/578 700 1 $aAngelino, Carlo.$0(OLS)http://pul/name/38744 700 1 $aFriedrich, Hans-Joachim.$0(OLS)http://pul/name/86521 830 0$aOpera (Il Melangolo) ;$v29.$0(OLS)http://pul/title/71340 850 $aPUL 852 $aPUL$W1$xSL Filosofia 3$y81$m110 HEIMA 2$j154400$qDDC 21$q $B153950$CPULBib$Z2$F153950 $H122552 $81 941 1 $a9 996 $6020$a88-7018-459-5$9(OLS)http://pul/number/152997 996 $6082$a110$9(OLS)http://pul/classification/454 996 $6245$aMetafisica e nichilismo$9(OLS)http://pul/title/169810 996 $6260$aGenova :$bIl Melangolo$9(OLS)http://pul/publisher/48888 996 $6260$aGenova :$bIl nuovo melangolo$9(OLS)http://pul/publisher/69686